| 000 | 00701nam a22002057a 4500 | ||
|---|---|---|---|
| 003 | OSt | ||
| 005 | 20250708065455.0 | ||
| 008 | 250708b |||||||| |||| 00| 0 eng d | ||
| 020 | _a0-7879-5330 | ||
| 040 |
_aDWC-Main Lib _cOC |
||
| 082 | _aCirc. 658.4 O42f 2001 | ||
| 100 | _aOlson, Edwin E. | ||
| 245 |
_aFacilitating organization change: _blessons from complexity science/ _cEdwin E. Olson & Glenda H. Eoyang |
||
| 260 |
_aSan Francisco, USA: _bJossey-Bass, _cc2001. |
||
| 300 |
_axlvii, 191 pages: _billustrations: _c23cm. |
||
| 504 | _aIncludes bibliographical references and index. | ||
| 650 | _a1. Organizational change. | ||
| 700 | _aEoyang, Glenda H. | ||
| 942 |
_2ddc _cBK-CIRC _kCirc. _n0 |
||
| 999 |
_c3472 _d3472 |
||